000
00258nam a22001217a 4500
008
170920b xxu||||| |||| 00| 0 eng d
041
_a
ALB
080
_a
7
100
_a
45
101
_a
ART
245
_a
SI E RENE NGA QIELLI
_c
DISERENS,C
942
_2
udc
_c
BK
999
_c
28595
_d
28595